|
书名:
|
肉品卫生检验
|
|
|
作者:
|
廖家堂
编著
|
|
出版信息:
|
成都
四川科学技术出版社
1987.01
|
|
开本页数:
|
19cm 
155页
|
|
丛书名:
|
|
|
单 册:
|
|
|
中图分类:
|
TS2
|
|
科图分类:
|
|
|
主题词:
|
食品工业
|
|
电子资源:
|
|
|
ISBN:
|
7-5364-0288-0
|
|
000
|
00546nam0 2200193 450
|
|
001
|
0572276094
|
|
005
|
20060227152329.90
|
|
010
|
|
@a7-5364-0288-0@dCNY1.10
|
|
100
|
|
@a20051211d1987 km y0chiy0120 ea
|
|
101
|
0
|
@achi
|
|
102
|
|
@aCN@b510000
|
|
200
|
1
|
@a肉品卫生检验@Arou pin wei sheng jian yan@f廖家堂编著@Fliao jia tang bian zhu
|
|
210
|
|
@a成都@c四川科学技术出版社@d1987.01
|
|
215
|
|
@a155页@d19cm
|
|
606
|
0
|
@a食品工业
|
|
690
|
|
@aTS2@v3
|
|
701
|
0
|
@a廖家堂@Aliao jia tang@4编著
|
|
801
|
0
|
@aCN@bPFT@c20060227
|
|
905
|
|
@a10447@dTS2@e55
|
|
|
|
|
| |
| 肉品卫生检验/廖家堂编著.-成都:四川科学技术出版社,1987.01 |
| 155页;19cm |
| |
| |
| ISBN 7-5364-0288-0:CNY1.10 |
| |
| ● |
正题名:肉品卫生检验
索取号:TS2/55
 
预约/预借
| 序号
|
登录号
|
条形码
|
馆藏地/架位号
|
状态
|
备注
|
|
1
|
34434
|
200344341
|
海科密-1楼/23架7列5层/
[索取号:TS2/55]
|
在馆
|
|
|
2
|
34435
|
200344350
|
海科密-1楼/23架7列5层/
[索取号:TS2/55]
|
在馆
|
|
|
3
|
34436
|
200344369
|
海科密-1楼/23架7列5层/
[索取号:TS2/55]
|
在馆
|
|
|
4
|
34437
|
200344378
|
海科密-1楼/23架7列5层/
[索取号:TS2/55]
|
在馆
|
|
|
5
|
34468
|
200344680
|
海科密-1楼/23架7列5层/
[索取号:TS2/55]
|
在馆
|
|